000 00281nam a2200121Ia 4500
008 221030s9999 xx 000 0 und d
041 _aEnglish
100 _aR. K. Shevgaonkar
245 0 _aElectromagentic Waves
_cby R. K. Shevgaonkar
260 _c0
650 _aB
942 _cBK
999 _c17434
_d17434